| 000 | 00421nam a2200157Ia 4500 | ||
|---|---|---|---|
| 008 | 210210b1979 xxu||||| |||| 00| 0 eng d | ||
| 082 | _a303.4 MADI | ||
| 100 | _aMADAN (G R). | ||
| 245 | _aIndia's social transformation. problems of economic development. Vol I. Ed 2. | ||
| 250 | _a | ||
| 260 |
_aNew Delhi. _bAllied Publishers _c1979 |
||
| 300 | _axix,258 | ||
| 440 | _a1 | ||
| 690 | _aSocial Change | ||
| 906 | _a034476 | ||
| 999 |
_c85283 _d85283 |
||